| 000 | 00399nam a22001451a 4500 | ||
|---|---|---|---|
| 020 | _a9788175700222 | ||
| 082 |
_aS 306 _bKRI/S |
||
| 100 | _aKrishan Datt Shastri Vidyavachaspati | ||
| 245 |
_aSadachar kaustubha/ _cby Krishan Datt Shastri Vidyavachaspati |
||
| 260 |
_aNew Delhi: _bSooryaprabha, _c2001. |
||
| 300 | _a123p. | ||
| 650 | _aCultural Studies | ||
| 650 | _aSocial Sciences | ||
| 942 | _cBK | ||
| 999 |
_c39057 _d39057 |
||